Người thợ máy Tôn Đức Thắng

Đã lưu trong:
Sonraí Bibleagrafaíochta
Príomhúdar: Lê Minh
Formáid: Leabhar
Teanga:Vietnamese
Foilsithe: H. Thanh niên 1981
Ábhair:
Clibeanna: Cuir Clib Leis
Gan Chlibeanna, Bí ar an gcéad duine leis an taifead seo a chlibeáil!
Thư viện lưu trữ: Mạng thư viện Đại học Đà Nẵng
LEADER 01136aam a22003378a 4500
001 000005411
003 1555
005 20120529090503.0
008 110816s1981 viesd
020 |c 12000đ  |d 1000b 
041 |a vie 
082 1 4 |2 14  |a 8959223  |b LE-M 
084 |a V6(1)7-44  |b NG558T 
100 0 |a Lê Minh 
245 1 0 |a Người thợ máy Tôn Đức Thắng  |c Lê Minh 
260 |a H.  |b Thanh niên  |c 1981 
300 |a 311tr.  |c 19cm 
600 7 |2 Bộ TK TVQG  |a Tôn Đức Thắng  |c Phó chủ tịch nước  |y 1888-1980 
650 7 |2 Bộ TK TVQG  |a Văn học hiện đại 
651 7 |2 Bộ TK TVQG  |a Việt Nam 
655 7 |2 Bộ TK TVQG  |a Truyện ngắn 
OWN |a LSP 
AVA |a UDN50  |b LSP  |d 8959223 LE-M  |e available  |t Error 5001 Not defined in file expand_doc_bib_avail.  |f 2  |g 1  |h N  |i 0  |k 1 
999 |a From the UDN01 
AVA |a UDN50  |b LSP  |d 8959223 LE-M  |e available  |t Error 5001 Not defined in file expand_doc_bib_avail.  |f 2  |g 1  |h N  |i 0  |k 1 
TYP |a Monograph 
TYP |a Printed language 
980 |a Mạng thư viện Đại học Đà Nẵng